header

An Inquiry into the nature and causes of the wealth of nations (Record no. 127608)

MARC details
000 -LEADER
fixed length control field 01059nam a2200277Ia 4500
100 1# - MAIN ENTRY--AUTHOR NAME
Personal name Smith, Adam,
245 13 - TITLE STATEMENT
Title An Inquiry into the nature and causes of the wealth of nations
260 ## - PUBLICATION, DISTRIBUTION, ETC. (IMPRINT)
Place of publication London :
Name of publisher Electric Book Co.,
Year of publication c2001.
300 ## - PHYSICAL DESCRIPTION
Number of Pages 1281 p.
500 ## - GENERAL NOTE
General note Cover title : The Wealth of nations.
650 #0 - SUBJECT ADDED ENTRY--TOPICAL TERM
Topical Term Economics.
Topical Term Political science.
856 40 - ELECTRONIC LOCATION AND ACCESS
Uniform Resource Identifier http://site.ebrary.com/lib/rucke/Doc?id=2001574

No items available.

© 2026 Rongo University
Contact us: librarian | system librarian | Rongo university